Disney Characters by Origin - Statistics

General Stats
  • This quiz has been taken 36 times
  • The average score is 7 of 10
Answer Stats
Character Origin % Correct
Aladdin Middle East
96%
Quasimodo France
83%
Pinocchio Italy
83%
Wendy Darling England
75%
Baloo India
75%
Elsa Norway
75%
Merida Scotland
75%
Mirabel Madrigal Colombia
67%
Arthur Pendragon England
58%
Duchess France
54%
No matching quizzes found
Score Distribution
Percent of People with Each Score
Percentile by Number Answered
Your Score History
You have not taken this quiz